| 000 | 00435nam a2200181 4500 | ||
|---|---|---|---|
| 003 | SEACOMMC | ||
| 005 | 20231010053635.0 | ||
| 008 | 231010b |||||||| |||| 00| 0 eng d | ||
| 020 | _cRs. 170.00 | ||
| 040 | _aSEACOMMC | ||
| 082 |
_a530.41 _bPAL |
||
| 100 | 1 | _aPalanisamy, P.K. | |
| 245 | 1 |
_aSolid state Physics _cP.K. Palanisamy |
|
| 260 |
_aChennai _bScitech _c2003 |
||
| 650 | _aPhysics | ||
| 650 | _aStates of matter | ||
| 942 | _cBOOK | ||
| 999 |
_c40 _d40 |
||